01287nab a22002417a 4500999001500000003000400015005001700019008004100036040000700077100003400084245015400118300001500272500003700287505023800324505011900562650002800681650005500709650004200764650003500806650003500841773015600876942001301032 c6225d6225OSt20260126015057.0190514b xxu||||| |||| 00| 0 spa d cPJ 94341aMignon, María Belén10aTransferencia embrionaria, consentimiento informado y viabilidad de la técnica :bun caso donde la lógica se invierte /cMaría Belén Mignon.  ap. 226-231 aCita: TR LALEY AR/DOC/2115/2024. aSumario: I. Introducción.— II. Plataforma fáctica. Los hechos.— III. La decisión del Tribunal rosarino.— IV. Las técnicas de reproducción humana asistida y nuestro sistema jurídico legal.— V. Reflexiones finales.  tFallo comentado: TColeg. Familia Nro. 4, Rosario ~ 11/03/2024 ~ G., L. R. y M., R., M., M., s/ venias y dispensas. 09967aDERECHO DE FAMILIA 094292aTÉCNICAS DE REPRODUCCIÓN HUMANA ASISTIDA 096744aCRIOPRESERVACIÓN DE EMBRIONES 094273aCONSENTIMIENTO INFORMADO 091057aJURISPRUDENCIA APLICABLE0 0284493222dBuenos Aires : AbeledoPerrot, 1989-tDerecho de familia. Revista Interdisciplinaria de doctrina y jurisprudencia. Octubre 2024-V.z18511201 2udccANA